Geography Quiz

Random Geography or World Quiz

Countries in Satellite Images IV Quiz Stats

 Plays Quiz not verified by Sporcle

Support Sporcle.
Go Orange.
Score 0/10 Timer 04:00
1 Play Today
% Correct
South Africa and Lesotho
95.9%
Canada
93.9%
South Korea, North Korea and Japan
89.2%
Nepal, India, Bhutan and China
88.4%
Argentina, Uruguay and Brazil
80.8%
New Zealand
79.3%
Nauru, Micronesia, and Marshall Islands
78.9%
Russia
74.4%
Philippines and Taiwan
70.1%
Uganda, Burundi, Rwanda, DRC, Kenya and Tanzania
67.7%

You're not logged in!

Compare scores with friends on all Sporcle quizzes.
OR
Log In

From the Vault

Great Job, Disney

by qlh27

Let's be honest, bad Disney movies are still pretty great.
Remove Ads.
Support Sporcle.
Get the best of Sporcle when you Go Orange. This ad-free experience offers more features, more stats, and more fun while also helping to support Sporcle. Thank you for becoming a member.

Show Comments

Extras

Top Quizzes Today


Score Distribution

Your Account Isn't Verified!

In order to create a playlist on Sporcle, you need to verify the email address you used during registration. Go to your Sporcle Settings to finish the process.

Report this User

Report this user for behavior that violates our Community Guidelines.

Details: